| 000 | 00536nam a2200181 a 4500 | ||
|---|---|---|---|
| 005 | 20230601063731.0 | ||
| 008 | 991125 mx 000 0 spa u | ||
| 035 | _aUPN01000034461 | ||
| 049 | _aCE | ||
| 050 | 4 |
_aLB1584 M6 _bV5.4 |
|
| 100 | 1 | _aVicario, Ramón | |
| 245 | 1 | 0 |
_aLecturas preparatorias para el estudio de la instrucción cívica / _cRamón Vicario |
| 260 |
_aMéxico : _bImprenta del Gobierno |
||
| 300 | _a200 p. | ||
| 650 | 4 |
_aCivismo _xEstudio y enseñanza (Elemental) _92807 |
|
| 904 |
_aAC _b034462 |
||
| 905 | _aLibro | ||
| 999 |
_c34461 _d34461 |
||